Art Unlimited? (Record no. 9210)
[ view plain ]
| 000 -LEADER | |
|---|---|
| fixed length control field | 00779nam a2200121Ia 4500 |
| 008 - FIXED-LENGTH DATA ELEMENTS--GENERAL INFORMATION | |
| fixed length control field | 220615s9999||||xx |||||||||||||| ||und|| |
| 100 ## - MAIN ENTRY--PERSONAL NAME | |
| Personal name | Schultheis, Franz||Single, Erwin||Köfeler, Raphaela||Mazzurana, Thomas |
| 245 #0 - TITLE STATEMENT | |
| Title | Art Unlimited? |
| Remainder of title | Dynamics and Paradoxes of a Globalizing Art World |
| 546 ## - LANGUAGE NOTE | |
| Language note | English[eng] |
| 650 ## - SUBJECT ADDED ENTRY--TOPICAL TERM | |
| Topical term or geographic name entry element | sociology of art||sociology||globalization||theory of art||art market||art||ethnography||china||Art Basel||Auction||Chinese art||Contemporary art||Hong Kong||Race and ethnicity in the United States Census||Shanghai |
| 856 ## - ELECTRONIC LOCATION AND ACCESS | |
| Uniform Resource Identifier | <a href="https://library.oapen.org/bitstream/20.500.12657/32383/1/611313.pdf||https://library.oapen.org/bitstream/20.500.12657/32383/1/611313.pdf||https://library.oapen.org/bitstream/20.500.12657/32383/1/611313.pdf">https://library.oapen.org/bitstream/20.500.12657/32383/1/611313.pdf||https://library.oapen.org/bitstream/20.500.12657/32383/1/611313.pdf||https://library.oapen.org/bitstream/20.500.12657/32383/1/611313.pdf</a> |
| 942 ## - ADDED ENTRY ELEMENTS (KOHA) | |
| Koha item type | E-Books |
| Withdrawn status | Lost status | Damaged status | Not for loan | Home library | Current library | Date acquired | Total Checkouts | Date last seen | Price effective from | Koha item type |
|---|---|---|---|---|---|---|---|---|---|---|
| Kerala University of Digital Sciences, Innovation and Technology Knowledge Centre | Kerala University of Digital Sciences, Innovation and Technology Knowledge Centre | 15/06/2022 | 15/06/2022 | 15/06/2022 | E-Books |